Science Quiz

Random Science or Clickable Quiz

Vertebrates quiz Stats

 Plays Quiz not verified by Sporcle

Challenge
Share
Tweet
Embed
Score 0/10 Timer 02:00
0 Plays Today
% Correct
Backbone
92.1%
Amphibian
83.2%
Invertebrate
80.2%
Bird
78.2%
Reptile
75.2%
Reptiles and Fish
74.3%
Birds and Mammals
69.3%
Mammal
69.3%
Fish and some Amphibians
68.3%
Mammals
63.4%

You're not logged in!

Compare scores with friends on all Sporcle quizzes.
OR
Log In

You Might Also Like...

Show Comments

Extras

Created Jun 22, 2012ReportNominate
Tags:Clickable Quiz, vertebrate

Top Quizzes Today


Score Distribution

Your Account Isn't Verified!

In order to create a playlist on Sporcle, you need to verify the email address you used during registration. Go to your Sporcle Settings to finish the process.

Report this User

Report this user for behavior that violates our Community Guidelines.

Details: